|
|
|
|
| LEADER |
00839nnm a2200229 i 4500 |
| 001 |
eta4801 |
| 005 |
20210125100816.0 |
| 008 |
210125s2011 hu o 0|| hun d |
| 040 |
|
|
|a SZTE Elektronikus Tananyag Archívum
|b hun
|
| 041 |
|
|
|a hun
|
| 100 |
1 |
|
|a Szatmári József
|
| 245 |
1 |
0 |
|a Környezeti geoinformatika - 3D alkalmazások
|h [elektronikus dokumentum] /
|c Szatmári József
|
| 260 |
|
|
|c 2011
|
| 300 |
|
|
|a 12
|
| 516 |
|
|
|a Presentation
|
| 650 |
|
4 |
|a Természettudományok
|
| 650 |
|
4 |
|a Föld- és kapcsolódó környezettudományok
|
| 650 |
|
4 |
|a Természetföldrajz
|
| 650 |
|
4 |
|a Térinformatika, térképészet
|
| 695 |
|
|
|a térinformatika
|
| 711 |
|
|
|a Eötvös Loránd Kollégium Környezetvédelmi Műhely
|c Szeged, Magyarország
|d 2011. 11. 09.
|
| 856 |
4 |
0 |
|u https://eta.bibl.u-szeged.hu/4801/1/2010-0012_74_08.pdf
|z Dokumentum-elérés
|